| 000 | 00410nam a2200133Ia 4500 | ||
|---|---|---|---|
| 008 | 151021s9999 xx 000 0 und d | ||
| 050 | _aLC 3988 .k4k57 2003 | ||
| 245 | _a_Special needs education module 21 Elementary sign language Part 11 Bakari Ali | ||
| 260 | _aNairobi KiSE 2003 | ||
| 300 | _avii,56p.;ill | ||
| 650 | _a_Sign language | ||
| 700 | _a_Renson Okwaro | ||
| 980 | _a^d20110615 05:41:51^oanne | ||
| 999 |
_c7344 _d7344 |
||